| 000 | 00553nam a2200169 a 4500 | ||
|---|---|---|---|
| 001 | 000040818 | ||
| 005 | 20201002034413.0 | ||
| 008 | 130906s2005 sp 000 0 spa d | ||
| 020 | _a9788476987445 | ||
| 040 |
_aDO-SdBNP _bspa _cBNPHU |
||
| 082 |
_axxxx _bxxxx |
||
| 245 | 0 | 0 |
_aPrácticas de derecho internacional público / _cprólogo Victoria Abellán Honrubia ; Jaume Saura Estapá coordinadora. |
| 250 | _a3a ed. | ||
| 260 |
_aEspaña, : _bJ. M. Bosch, _c2005. |
||
| 300 |
_a782 p. ; _c24 cm. |
||
| 700 | 1 |
_aAbellán Honrubia, Victoria, _epról. _967237 |
|
| 999 |
_c40308 _d40308 |
||